00693 2200241 4500001002100000005001500021035002000036007000300056008004100059020002200100082001000122084001600132100002200148245009700170250001000267260004700277300003200324650002700356700001900383504002700402990001100429990001100440INLIS00000000000458820191205015800 a0010-1219000040ta191205 g 0 ind  a978-602-0808-42-0 a641.5 a641.5 FAT s0 aFATONAH, Winiarum1 aSehat dengan Resep Rumahan Ala Golongan Darah /cFatonah Winiarum; penyunting, Eista Swaesti acet.1 aJogjakarta :bTrans Idea Publishing,c2018 a106 hlm. :bilus. ;c24 cm. 4aMAKANAN. RESEP MASAKAN0 aEISTA, Swaesti aBibliografi : hlm. 106 a7269 a a7269 b